000 00236nam a22001097a 4500
999 _c260637
_d260636
020 _a9780451479341
100 _aMike Lupica
245 _aShoot-out
260 _aNew York
_bPenguin Random House
_c2010
300 _a20 pgs
942 _cBK